000 00539nam a2200169Ia 4500
008 090201s9999 xx 000 0 und d
010 _aKPL-64634
040 _bमराठी
041 _aमराठी
082 _a33199
_b64634
100 _aज्योत्स्ना देवधर
245 _aकुँवरनी
_cज्योत्स्ना देवधर
260 _c2004
_bमंगलदीप प्रकाशन
300 _a166
_bमोठा
600 _aकुँवरनी
942 _cBOOK
999 _c231467
_d231467